000 00269nam a22000977a 4500
999 _c516980
_d516980
082 _aTNC
100 _aAdiseshiah, Malcolm S.
_923859
245 _aMid - year review of the economy 1990-91
_cby Malcolm S. Adiseshiah
260 _aDelhi
_bKonark Pub.
_c1991
300 _a190p.